000 00441nam a2200181Ia 4500
001 20868
005 20260306172837.0
008 260306t2016||||xx |||||||||||||| ||spa||
041 _aESP
082 _a343.8
_bL99
100 _aLuque Livón, Liz Vanessa
_eAUT
245 0 _aInstructivo para el llenado del PDT 621
260 _c2016
300 _a47 páginas :
_c24 cm.
650 _aGEN
654 _aCCO
942 _cLIB
_dJUS
_fJUS
_2ddc
_n
999 _c20868
_d20868